书目信息 |
| 题名: |
基于物联网的大气污染源现场执法监管信息系统设计与应用
|
|
| 作者: | 刘孝富 , 刘柏音 , 孙启宏 , 罗镭等 著 | |
| 分册: | ||
| 出版信息: | 北京 中国环境出版社 2020.12 |
|
| 页数: | 234页 | |
| 开本: | 25cm | |
| 丛书名: | ||
| 单 册: | ||
| 中图分类: | X51 | |
| 科图分类: | ||
| 主题词: | 大气污染物--da qi wu ran wu--排污--环境监测--管理信息系统 | |
| 电子资源: | ||
| ISBN: | 978-7-5111-4525-3 | |
| 000 | 01569nam0 2200301 450 | |
| 001 | 202021192422 | |
| 005 | 20211025120136.0 | |
| 010 | @a978-7-5111-4525-3@dCNY78.00 | |
| 100 | @a20210922d2020 em y0chiy50 ea | |
| 101 | 0 | @achi |
| 102 | @aCN@b110000 | |
| 105 | @aak a 000yy | |
| 106 | @ar | |
| 200 | 1 | @a基于物联网的大气污染源现场执法监管信息系统设计与应用@Aji yu wu lian wang de da qi wu ran yuan xian chang zhi fa jian guan xin xi xi tong she ji yu ying yong@d= Based on the internet of things design and application of on-site law enforcement and supervision information system of air pollution sources@f刘孝富 ... 等著@zeng |
| 210 | @a北京@c中国环境出版社@d2020.12 | |
| 215 | @a234页@c图@d25cm | |
| 304 | @a题名页题其余责任者: 刘柏音, 孙启宏, 罗镭等 | |
| 320 | @a有书目 (第233-234页) | |
| 330 | @a本书统针对不同污染源大气污染监督执法需求, 创新性采用物联网理念, 通过接入机载、车载、便携式检测设备, 采集和汇集多源异构数据、通过平台的数据自动分析计算, 实现大气排放异常区识别。该书内容包括: 环境执法信息化建设综述 ; 基于物联网的环境移动执法体系建设思想 ; 系统总体设计等。 | |
| 510 | 1 | @aBased on the internet of things design and application of on-site law enforcement and supervision information system of air pollution sources@zeng |
| 606 | 0 | @a大气污染物@Ada qi wu ran wu@x排污@x环境监测@x管理信息系统 |
| 690 | @aX51@v5 | |
| 701 | 0 | @a刘孝富@Aliu xiao fu@4著 |
| 701 | 0 | @a刘柏音@Aliu bai yin@4著 |
| 701 | 0 | @a孙启宏@Asun qi hong@4著 |
| 701 | 0 | @a罗镭等@Aluo lei deng@4著 |
| 801 | 0 | @aCN@c20210909 |
| 905 | @a河南城建学院图书馆@dX51@eL691 | |
| 基于物联网的大气污染源现场执法监管信息系统设计与应用= Based on the internet of things design and application of on-site law enforcement and supervision information system of air pollution sources/刘孝富 ... 等著.-北京:中国环境出版社,2020.12 |
| 234页:图;25cm |
| ISBN 978-7-5111-4525-3:CNY78.00 |
| 本书统针对不同污染源大气污染监督执法需求, 创新性采用物联网理念, 通过接入机载、车载、便携式检测设备, 采集和汇集多源异构数据、通过平台的数据自动分析计算, 实现大气排放异常区识别。该书内容包括: 环境执法信息化建设综述 ; 基于物联网的环境移动执法体系建设思想 ; 系统总体设计等。 |
| ● |
| 相关链接 |
|
|
|
正题名:基于物联网的大气污染源现场执法监管信息系
索取号:X51/L691
 
预约/预借
| 序号 | 登录号 | 条形码 | 馆藏地/架位号 | 状态 | 备注 |
| 1 | 1541489 | 215414898 | 自科库501/501自科库 68排6列2层/ [索取号:X51/L691] | 在馆 |